Cities with the Coolest Neighbourhood - Statistics

General Stats
  • This quiz has been taken 95 times
  • The average score is 6 of 10
Answer Stats
Rank Neighbourhood City % Correct
4 Bedford-Stuyvesant New York
98%
9 Haut-Marais Paris
85%
1 Esquerra de l’Eixample Barcelona
79%
7 Shaanxi Bei Lu/Kangding Lu Shanghai
75%
10 Marrickville Sydney
68%
2 Downtown Los Angeles
67%
3 Sham Shui Po Hong Kong
64%
5 Yarraville Melbourne
53%
6 Wedding Berlin
46%
8 Dennistoun Glasgow
7%
No matching quizzes found
Score Distribution
Percent of People with Each Score
Percentile by Number Answered
Your Score History
You have not taken this quiz